[Event "IECG QN.2003.0.00258 email "]
[Site "IECG email"]
[Date "2003.01.26"]
[Round "?"]
[White "Hendershot, Paul"]
[Black "Seebregts, Tony"]
[Result "0-1"]
[WhiteElo "752"]
[BlackElo "800"]
[PlyCount "44"]
[EventDate "2003.01.26"]
[EventType "tourn (corr)"]
[EventRounds "6"]
[SourceTitle "Corr 2008"]
[Source "ChessBase"]
[SourceDate "2008.06.24"]
[SourceVersion "1"]
[SourceVersionDate "2008.06.24"]
[SourceQuality "1"]

1. e4 e5 2. d3 Bc5 3. Nf3 d6 4. d4 exd4 5. Nxd4 Qf6 6. Bd3 Bxd4 7. 0-0 Nh6 8. c3 Bc5 9. Nd2 Ng4 10. Nf3 h6 11. Nd4 d5 12. exd5 h5 13. Re1+ Kf8 14. Qe2 Bd7 15. h3 Na6 16. hxg4 hxg4 17. Be4 Qh4 18. g3 Qh2+ 19. Kf1 Re8 20. Qc2 Bxd4 21. cxd4 Bb5+ 22. Bd3 Qh1# 0-1

[Event "IECG QN.2003.0.00258 email "]
[Site "IECG email"]
[Date "2003.01.26"]
[Round "?"]
[White "Wood, Mike H"]
[Black "Seebregts, Tony"]
[Result "0-1"]
[WhiteElo "729"]
[BlackElo "800"]
[PlyCount "29"]
[EventDate "2003.01.26"]
[EventType "tourn (corr)"]
[EventRounds "6"]
[SourceTitle "Corr 2008"]
[Source "ChessBase"]
[SourceDate "2008.06.24"]
[SourceVersion "1"]
[SourceVersionDate "2008.06.24"]
[SourceQuality "1"]

1. d4 d5 2. Nf3 Nf6 3. Bg5 e6 4. e3 h6 5. Bh4 Bd6 6. Bd3 g5 7. Bg3 Nc6 8. Bb5 Ne4 9. Bxc6+ bxc6 10. Nc3 Nxg3 11. hxg3 c5 12. dxc5 Bxc5 13. Ne5 Ba6 14. Qh5 Qf6 15. Qxf7+ 0-1